000 01233nam a2200349 a 4500
001 000115552
003 CHAP
005 20220329144539.0
008 190605s2019 mx a sm |||||||spa d
010 _a112013
011 _a112985
040 _cCHAP
090 _aTesis
100 1 _aTovar Miranda, Elena Louise.
_9135955
245 1 0 _aToxicidad en la alimentación humana /
_h[En línea]
_cpor Elena Louise Tovar Miranda.
260 _aChapingo, Méx. :
_bEl autor,
_c2019.
500 _aPara ver el contenido del material haga clic en la liga
502 _aTesis (Ing. Agr. Esp. en Sociología Rural) -- UACH. Departamento de Sociología Rural
590 _aBATCH-UPD
_b05
_c20190605
_lUCH01
_h1448
590 _aE8697GMM
_b05
_c20190605
_lUCH01
_h1010
590 _aE8697GMM
_b05
_c20190605
_lUCH01
_h1014
590 _aE8697GMM
_b05
_c20190605
_lUCH01
_h1027
590 _aE8697GMM
_b05
_c20190605
_lUCH01
_h1447
650 1 4 _aAlimentos
_xToxicidad.
_94295
650 1 4 _aConsumo de alimentos.
_9125558
650 1 4 _aEnfermedades transm por alimentos.
_9125703
650 1 4 _aNutrición.
_982246
856 _aFinding aid
_uhttp://10.13.5.2/tesis/sist115552.pdf
_zTeclea aquí
901 _aBK
942 _cTESIS
942 _n0
999 _c112013
_d112013